Edificio para las facultades de medicina y ciencias en Zaragoza : (Record no. 163336)

MARC details
000 -LEADER
campo de control de longitud fija 01257nam a22002535i 4500
001 - NÚMERO DE CONTROL
campo de control 163336
003 - IDENTIFICADOR DE NÚMERO DE CONTROL
campo de control ES-MaACL
005 - FECHA Y HORA DE LA ÚLTIMA TRANSACCIÓN
campo de control 20250821063102.0
008 - DATOS DE LONGITUD FIJA--INFORMACIÓN GENERAL
campo de control de longitud fija 950206s1894 sp a |||| | spa d
080 ## - NÚMERO DE LA CLASIFICACIÓN DECIMAL UNIVERSAL
Número de la Clasificación Decimal Universal 727.3(460.224 Z.)
100 1# - ENTRADA PRINCIPAL--NOMBRE DE PERSONA
Nombre de persona Repullés y Vargas, Enrique María,
Fechas asociadas al nombre 1845-1922
9 (RLIN) 96277
245 10 - MENCIÓN DEL TÍTULO
Título Edificio para las facultades de medicina y ciencias en Zaragoza :
Resto del título proyecto y dirección del arquitecto Ilmo. Sr. D. Ricardo Magdalena /
Mención de responsabilidad, etc. monografía por Enrique Repullés y Vargas.
260 ## - PUBLICACIÓN, DISTRIBUCIÓN, ETC.
Lugar de publicación, distribución, etc. Madrid :
Nombre del editor, distribuidor, etc. [s.n.],
Fecha de publicación, distribución, etc. 1894 (
Fabricante Imp. y Lit. de los Huérfanos)
300 ## - DESCRIPCIÓN FÍSICA
Extensión 54 p., [5] h. de lám., [4] h. pleg. de planos :
Otras características físicas il. ;
Dimensiones 31 cm.
490 1# - MENCIÓN DE SERIE
Mención de serie Biblioteca del "Resumen de arquitectura" / editada por Antero de Oteyza y Barinaga
599 ## - NOTA A LAS ILUSTRACIONES
NOTA A LAS ILUSTRACIONES Lám.: Fototipia de Hauser y Menet. Madrid; Ilustraciones: "Escolá Fto."
610 24 - PUNTO DE ACCESO ADICIONAL DE MATERIA--NOMBRE DE ENTIDAD CORPORATIVA
Nombre de entidad corporativa o nombre de jurisdicción como elemento de entrada Universidad de Zaragoza-
Subdivisión general Edificios.
9 (RLIN) 7353
700 1# - ENTRADA AGREGADA--NOMBRE PERSONAL
Nombre de persona Magdalena, Ricardo.
9 (RLIN) 129340
700 1# - ENTRADA AGREGADA--NOMBRE PERSONAL
Nombre de persona Oteyza y Barinaga, Antero de.
9 (RLIN) 130741
710 2# - ENTRADA AGREGADA--NOMBRE DE ENTIDAD CORPORATIVA
Nombre de entidad corporativa o nombre de jurisdicción como elemento de entrada Hauser y Menet (Madrid)
9 (RLIN) 4558
830 1# - PUNTO DE ACCESO ADICIONAL DE SERIE-TÍTULO UNIFORME
Título uniforme Biblioteca del "Resumen de arquitectura" / editada por Antero de Oteyza y Barinaga
9 (RLIN) 188426
852 4# - LOCALIZACIÓN
Ubicación ES-MaACL
Número de control de estantería B-11448
Nota libre - Enc. tela gris con hierros dorados
Holdings
Estatus retirado Estado de pérdida Estado de daño No para préstamo Colección Biblioteca de origen Biblioteca actual Ubicación en estantería Fecha de adquisición Total de préstamos Signatura topográfica completa Código de barras Visto por última vez Precio de reemplazo Tipo de ítem Koha
        Libros del s. XIX Biblioteca del Ateneo de Madrid Biblioteca del Ateneo de Madrid Sala Pardo Bazán 17/01/2008   B-11448 1171161 23/02/2023 23/02/2023 Libro impreso antiguo